Microsoft Visual Studio .net prerequisites.

Đã lưu trong:
书目详细资料
格式: 图书
语言:English
出版: Boston : McGraw-Hill, 1985-2003.
版:Version 2003.
主题:
标签: 添加标签
没有标签, 成为第一个标记此记录!
Thư viện lưu trữ: Mạng thư viện Đại học Đà Nẵng
LEADER 01196cmm a2200349 a 4500
001 000043274
003 1215
005 20060111143129.0
008 010217b1985 vm 000 eng
020 |a 0103 P/N X09-10428 
040 |a LRC  |c LRC  |d LRC 
041 0 |a eng 
082 1 4 |a 005.2768  |2 21  |b Mi-V 
245 0 0 |a Microsoft Visual Studio .net  |h [Computer file - Đĩa máy tính] :  |b prerequisites. 
250 |a Version 2003. 
260 |a Boston :  |b McGraw-Hill,  |c 1985-2003. 
300 |a 6 computer discs ;  |c 4 3/4 in. +  |e 1 book (ix, 453p. :  |b ill. ;  |c 27,5 cm.). 
500 |a Title from container. 
630 0 4 |a Computer file. 
650 0 4 |a Visual Studio (Computer program language). 
OWN |a DUT 
AVA |a UDN50  |b DUT  |c Visual  |d 005.2768 Mi-V  |e available  |t Error 5001 Not defined in file expand_doc_bib_avail.  |f 1  |g 0  |h N  |i 0  |j AV  |k 1 
999 |a From the UDN01 
AVA |a UDN50  |b DUT  |c Visual  |d 005.2768 Mi-V  |e available  |t Error 5001 Not defined in file expand_doc_bib_avail.  |f 1  |g 0  |h N  |i 0  |j AV  |k 1 
TYP |a Computer file 
TYP |a Monograph 
980 |a Mạng thư viện Đại học Đà Nẵng